000 02225 a2200277 4500
003 Nust
005 20251009162037.0
010 _a 2006373960
020 _a1554070643 (pbk.)
035 _a(OCoLC)ocm57064795
040 _cNust
082 0 4 _a910.202,AMI
100 1 _aMuhammad Amin
_928428
245 1 0 _aJourney through maldives /
_cMuhammad Amin, Steve Watkins and Clare Jones.
260 _aRichmond Hill, Ont. :
_bFirefly Books,
_c2005.
300 _a256 p. :
_bcol. ill. ;
_c25 cm.
505 0 _aDog-sledding, Sweden -- Aboriginal dreaming, Australia -- Crossing the divide, Turkey -- Exploring rainforest and reef, Belize -- Ch㡴eaux and wine-tasting, France -- River-running, Zambia -- Flying safari, Namibia -- Tracking spirit bears, Canada -- Fly-fishing and whisky, Scotland -- Hiking through Arches, USA -- Tasting warrior life, Mongolia -- 'Lost world' river journey, Venezuela -- Himalayan adventure, Nepal -- Watching Aida, Italy -- Driving Californian surf, USA -- Swimming in thermal spas, Iceland -- Gambling and glitz, USA -- Riding elephants, Nepal -- Heli-hiking in the Rockies, Canada -- Felucca down the Nile, Egypt -- Climbing a volcano, Guatemala -- Trekking the Milford Track, New Zealand -- Camel trekking, Jordan -- Partying at Mardi Gras, USA -- Red Sea diving, Egypt -- Riding white horses, New Zealand -- Walking the wall, China -- Discovering wild flowers, Crete -- Finding paradise, the Maldives -- Souk shopping, Morocco -- Following wildebeest, Tanzania -- Palace on wheels, India -- Trekking Torres del Paine, Chile -- Sea-kayaking Baja, Mexico -- Rice-boat cruising, India -- Skiing the Vall⥥ Blanche, France -- Cycling among rice paddies, Vietnam -- Festival of the Sahara, Tunisia -- Discovering a medieval city, Estonia -- Searching for pearls, French Polynesia.
650 0 _aTravel
_9121022
650 0 _aVoyages
_9131077
650 0 _aVoyages
_9131077
650 0 _aVoyages and travels
_946118
700 1 _aJones, Clare.
_9131078
856 4 2 _3Contributor biographical information
_uhttp://www.loc.gov/catdir/enhancements/fy0645/2006373960-b.html
856 4 2 _3Publisher description
_uhttp://www.loc.gov/catdir/enhancements/fy0645/2006373960-d.html
942 _2ddc
_cBK
999 _c184853
_d184853